| 000 | 00992nam a22003377a 4500 | ||
|---|---|---|---|
| 001 | 0052988 | ||
| 003 | KOHA_MİRAKIL | ||
| 005 | 20260207003903.0 | ||
| 007 | ta | ||
| 008 | 150629b2013 tu a|||gr||||#||||0|tur | | ||
| 020 | _a9786055936051 | ||
| 040 |
_aTR-BiSEU _btur _cTR-BiSEU _erda |
||
| 041 | 0 | _atur | |
| 044 | _ctu | ||
| 050 |
_aHF5657.4 _b.H34 2013 |
||
| 100 | 1 | _aHaftacı, Vasfi. | |
| 245 | 1 |
_aYönetim muhasebesi/ _cVasfi Haftacı ; Vasfi Haftacı. |
|
| 250 | _a5. Baskı | ||
| 264 | 1 |
_aKocaeli : _bUmuttepe _c2013 |
|
| 300 |
_aXVIII, 302 sayfa : _bresimli ; _c24 cm. |
||
| 336 |
_ametin _btxt _2rdacontent |
||
| 337 |
_aaracısız _bn _2rdamedia |
||
| 338 |
_acilt _bnc _2rdacarrier |
||
| 490 | 1 |
_aUmuttepe yayın no ; _v5. |
|
| 490 | 1 |
_a İşletme-Muhasebe dizisi ; _v1. |
|
| 500 | _aKaynakça var. | ||
| 650 | 0 |
_aManagerial accounting. _95660 |
|
| 830 | 1 |
_aUmuttepe yayın no ; _v5. _976474 |
|
| 830 | 1 |
_a İşletme-Muhasebe dizisi ; _v1. _999047 |
|
| 942 |
_2lcc _cBK |
||
| 999 |
_c52802 _d52802 |
||